Normal view
MARC view
- Litwack, Gerald
Entry Personal Name
001 - CONTROL NUMBER
- control field: 126711
003 - CONTROL NUMBER IDENTIFIER
- control field: NUST
005 - DATE AND TIME OF LATEST TRANSACTION
- control field: 20241101145904.0
008 - FIXED-LENGTH DATA ELEMENTS
- fixed length control field: 241101|| aca||aabn | a|a d
040 ## - CATALOGING SOURCE
- Original cataloging agency: NUST
- Transcribing agency: NUST
100 ## - HEADING--PERSONAL NAME
- Personal name: Litwack, Gerald
670 ## - SOURCE DATA FOUND
- Source citation: Work cat.: (NUST)0: Litwack, Gerald, author., Human biochemistry /
